00379nam a2200121Ia 4500001000400000008004100004082001700045100006500062245006400127260002400191901002700215999001500242856241024s9999 xx 000 0 und d aRD/375/R426m aRepública Dominicana.Secretaría de Estado de Educación 0aMonitoreo al Desarrollo Curricular del Nivel Medio, Informe bSanto Domingoc2003 a6/12/2010 4:21:50 p.m. c8400d8400